000
00311nam a22001457a 4500
008
210302b ||||| |||| 00| 0 eng d
020
_a
x0000v40bz
041
_a
eng
080
_2
8th
_a
338
082
_a
338
100
_a
53
101
_a
MEN
245
_a
Strategic Management
_c
Hitt, M.A
942
_2
udc
_c
BK
999
_c
55521
_d
55521